<?xml version="1.0" encoding="UTF-8"?>
<record
    xmlns:xsi="http://www.w3.org/2001/XMLSchema-instance"
    xsi:schemaLocation="http://www.loc.gov/MARC21/slim http://www.loc.gov/standards/marcxml/schema/MARC21slim.xsd"
    xmlns="http://www.loc.gov/MARC21/slim">

  <leader>00930nam a22001817a 4500</leader>
  <datafield tag="999" ind1=" " ind2=" ">
    <subfield code="c">59582</subfield>
    <subfield code="d">59582</subfield>
  </datafield>
  <controlfield tag="003">Ge_BSU</controlfield>
  <controlfield tag="005">20230320122638.0</controlfield>
  <controlfield tag="008">230320s1978    ge ||||| |||| 00| 0 geo d</controlfield>
  <datafield tag="041" ind1=" " ind2=" ">
    <subfield code="a">geo</subfield>
  </datafield>
  <datafield tag="080" ind1=" " ind2=" ">
    <subfield code="a">517.5(075.8) &#x10DC;&#x2013;33</subfield>
  </datafield>
  <datafield tag="100" ind1=" " ind2=" ">
    <subfield code="a">&#x10DC;&#x10D0;&#x10E4;&#x10D4;&#x10E2;&#x10D5;&#x10D0;&#x10E0;&#x10D8;&#x10EB;&#x10D4;, &#x10DD;.</subfield>
    <subfield code="9">17226</subfield>
  </datafield>
  <datafield tag="245" ind1=" " ind2=" ">
    <subfield code="a">&#x10E1;&#x10D0;&#x10D5;&#x10D0;&#x10E0;&#x10EF;&#x10D8;&#x10E8;&#x10DD;&#x10D4;&#x10D1;&#x10D8; &#x10D9;&#x10DD;&#x10DB;&#x10DE;&#x10DA;&#x10D4;&#x10E5;&#x10E1;&#x10E3;&#x10E0;&#x10D8; &#x10EA;&#x10D5;&#x10DA;&#x10D0;&#x10D3;&#x10D8;&#x10E1; &#x10E4;&#x10E3;&#x10DC;&#x10E5;&#x10EA;&#x10D8;&#x10D0;&#x10D7;&#x10D0; &#x10D7;&#x10D4;&#x10DD;&#x10E0;&#x10D8;&#x10D0;&#x10E8;&#x10D8; :</subfield>
    <subfield code="b">[&#x10D3;&#x10D0;&#x10DB;&#x10EE;&#x10DB;&#x10D0;&#x10E0;&#x10D4; &#x10E1;&#x10D0;&#x10EE;&#x10D4;&#x10DA;&#x10DB;&#x10EB;&#x10E6;&#x10D5;. &#x10E1;&#x10E2;&#x10E3;&#x10D3;&#x10D4;&#x10DC;&#x10E2;&#x10D4;&#x10D1;&#x10D8;&#x10E1;&#x10D0;&#x10D7;&#x10D5;&#x10D8;&#x10E1;].</subfield>
    <subfield code="c">&#x10DD;. &#x10DC;&#x10D0;&#x10E4;&#x10D4;&#x10E2;&#x10D5;&#x10D0;&#x10E0;&#x10D8;&#x10EB;&#x10D4;.</subfield>
  </datafield>
  <datafield tag="264" ind1=" " ind2=" ">
    <subfield code="a">&#x10D7;&#x10D1;&#x10D8;&#x10DA;&#x10D8;&#x10E1;&#x10D8; :</subfield>
    <subfield code="b">&#x10D7;&#x10D1;&#x10D8;&#x10DA;. &#x10E3;&#x10DC;-&#x10E2;&#x10D8;&#x10E1; &#x10D2;&#x10D0;&#x10DB;-&#x10D1;&#x10D0;,</subfield>
    <subfield code="c">1978.</subfield>
  </datafield>
  <datafield tag="300" ind1=" " ind2=" ">
    <subfield code="a">215&#x10D2;&#x10D5;. ; </subfield>
    <subfield code="b">20&#x10E1;&#x10DB;.</subfield>
  </datafield>
  <datafield tag="504" ind1=" " ind2=" ">
    <subfield code="a">&#x10D1;&#x10D8;&#x10D1;&#x10DA;&#x10D8;&#x10DD;&#x10D2;&#x10E0;.: &#x10D2;&#x10D5;. 213-214.</subfield>
  </datafield>
  <datafield tag="653" ind1=" " ind2=" ">
    <subfield code="a">&#x10D9;&#x10DD;&#x10DB;&#x10DE;&#x10DA;&#x10D4;&#x10E5;&#x10E1;&#x10E3;&#x10E0;&#x10D8; &#x10EA;&#x10D5;&#x10DA;&#x10D0;&#x10D3;&#x10D8;&#x10E1; &#x10E4;&#x10E3;&#x10DC;&#x10E5;&#x10EA;&#x10D8;&#x10D0;&#x10D7;&#x10D0; &#x10D7;&#x10D4;&#x10DD;&#x10E0;&#x10D8;&#x10D0;</subfield>
  </datafield>
  <datafield tag="942" ind1=" " ind2=" ">
    <subfield code="2">udc</subfield>
    <subfield code="c">BK</subfield>
  </datafield>
  <datafield tag="952" ind1=" " ind2=" ">
    <subfield code="0">0</subfield>
    <subfield code="1">0</subfield>
    <subfield code="2">udc</subfield>
    <subfield code="4">0</subfield>
    <subfield code="6">51750758_&#x10DC;33</subfield>
    <subfield code="7">0</subfield>
    <subfield code="9">94075</subfield>
    <subfield code="a">CPL</subfield>
    <subfield code="b">CPL</subfield>
    <subfield code="c">GEN</subfield>
    <subfield code="d">2023-03-20</subfield>
    <subfield code="g">10.00</subfield>
    <subfield code="o">517.5(075.8) &#x10DC;&#x2013;33</subfield>
    <subfield code="p">3487</subfield>
    <subfield code="r">2023-03-20</subfield>
    <subfield code="t">3487</subfield>
    <subfield code="w">2023-03-20</subfield>
    <subfield code="y">BK</subfield>
    <subfield code="z">10 &#x10DA;.</subfield>
  </datafield>
</record>
